000
00250 a2200109 4500
001
9181
082
_a
954.91 ALL
090
_c
7356
_d
7356
100
_a
Allana, H.
245
_a
Pakistan movement: Historic Decuments
_h
English
260
_b
P S A (Karachi)
_a
1968
942
_a
NUST-CAE
999
_c
244254
_d
244254